Rahsia merawat penyakit secara tradisional / (Record no. 1493)

000 -LEADER
fixed length control field nam a22 a 4500
003 - CONTROL NUMBER IDENTIFIER
control field AKMAL
005 - DATE AND TIME OF LATEST TRANSACTION
control field 20170509161903.0
008 - FIXED-LENGTH DATA ELEMENTS--GENERAL INFORMATION
fixed length control field 170509s1999 my 00 may d
020 ## - INTERNATIONAL STANDARD BOOK NUMBER
International Standard Book Number 9830981932 (kkt.):
Terms of availability RM9.00
040 ## - CATALOGING SOURCE
Original cataloging agency AKMAL
Transcribing agency AKMAL
049 00 - LOCAL HOLDINGS (OCLC)
Holding library klpmal
082 04 - DEWEY DECIMAL CLASSIFICATION NUMBER
Classification number 306.461 RAH
Edition number 21
090 00 - LOCALLY ASSIGNED LC-TYPE CALL NUMBER (OCLC); LOCAL CALL NUMBER (RLIN)
Classification number (OCLC) (R) ; Classification number, CALL (RLIN) (NR) 306.461
Local cutter number (OCLC) ; Book number/undivided call number, CALL (RLIN) RAH
090 20 - LOCALLY ASSIGNED LC-TYPE CALL NUMBER (OCLC); LOCAL CALL NUMBER (RLIN)
Classification number (OCLC) (R) ; Classification number, CALL (RLIN) (NR) 306.461
Local cutter number (OCLC) ; Book number/undivided call number, CALL (RLIN) RAH
245 00 - TITLE STATEMENT
Title Rahsia merawat penyakit secara tradisional /
Statement of responsibility, etc. penyusun Amina Noor
260 ## - PUBLICATION, DISTRIBUTION, ETC.
Place of publication, distribution, etc. Batu Caves :
Name of publisher, distributor, etc. Pustaka Ilmi,
Date of publication, distribution, etc. 1999
300 00 - PHYSICAL DESCRIPTION
Extent xi, 103ms. ;
Dimensions 21cm
650 #0 - SUBJECT ADDED ENTRY--TOPICAL TERM
Topical term or geographic name entry element Malays (Asian people)
General subdivision Medicine
9 (RLIN) 2969
650 #0 - SUBJECT ADDED ENTRY--TOPICAL TERM
Topical term or geographic name entry element Medicine, Malay (Asian people)
General subdivision Formulae, receipts, prescriptions
9 (RLIN) 2970
650 #0 - SUBJECT ADDED ENTRY--TOPICAL TERM
Topical term or geographic name entry element Traditional medicine
General subdivision Formulae, receipts, prescriptions
9 (RLIN) 2971
650 #0 - SUBJECT ADDED ENTRY--TOPICAL TERM
Topical term or geographic name entry element Folk medicine
9 (RLIN) 2972
700 0# - ADDED ENTRY--PERSONAL NAME
Personal name Amina Hj. Noor,
Dates associated with a name 1948-
9 (RLIN) 1362
942 ## - ADDED ENTRY ELEMENTS (KOHA)
Source of classification or shelving scheme
Koha item type Book
Holdings
Withdrawn status Lost status Source of classification or shelving scheme Damaged status Not for loan Collection code Home library Current library Date acquired Inventory number Total Checkouts Full call number Barcode Date last seen Price effective from Koha item type
          NON-FICTION AKMAL Melaka AKMAL Melaka 09.05.2017 303357   306.461 RAH 201702809 09.05.2017 09.05.2017 Book
Pusat Sumber Maklumat Dato' Haji Sarmin Md Hussin, Akademi Kastam Diraja Malaysia, Melaka
Tel: 06-2331106 | Faks: 06-2313787